| 000 | 00833nam a22002657a 4500 | ||
|---|---|---|---|
| 999 |
_c14334 _d14334 |
||
| 003 | AR-CdUCM | ||
| 008 | 190422b ||||| |||| 00| 0 spa d | ||
| 020 | _a978-958-30-5038-1 | ||
| 040 |
_aMUNICIPALIDAD PROVINCIAL DEL CUSCO _cBIBLIOTECA MUNICIPAL DEL CUSCO |
||
| 041 | _hspa | ||
| 082 |
_aEP / 803 / _bD31 |
||
| 100 |
_aDelaunois, Angéle _933074 |
||
| 245 | _aEl país si música / | ||
| 260 |
_aBogotá : _bPanamericana, _c2015. |
||
| 300 |
_a32 páginas ; _bIlustraciones, _c21 cm. |
||
| 505 | _aContenido: El país sin música. | ||
| 650 |
_aCuento infantil _93319 |
||
| 650 |
_aMúsica _91443 |
||
| 650 |
_aSiglo XXI _92856 |
||
| 650 |
_aLiteratura Infantil _9588 |
||
| 700 |
_aHonde, Pierre (ilustración) _933075 |
||
| 700 |
_aCardona, Mateo (traductor) _933076 |
||
| 942 |
_2ddc _cLIBROS |
||
| 945 |
_acmm _d20019-04-22 |
||